K-pop Idols #2 - Statistics

General Stats
  • This quiz has been taken 97 times
  • The average score is 10 of 16
Answer Stats
Picture Answer % Correct
Han
96%
Jin
88%
Sunoo
88%
Taehyun
78%
Sakura
77%
Beomgyu
75%
Chaeryeong
75%
Wonhee
75%
Jeongyeon
73%
Hyein
66%
Jeonghan
58%
Rei
52%
Jiwoong
41%
Moka
41%
Yujin
41%
Kotoko
26%
No matching quizzes found
Score Distribution
Percent of People with Each Score
Percentile by Number Answered
Your Score History
You have not taken this quiz